[Event "Corus"]
[Site "Wijk aan Zee"]
[Date "2000.01.24"]
[Round "8"]
[White "Nikolic, Predrag"]
[Black "Polgar, Judit"]
[Result "1/2-1/2"]
[WhiteElo "2659"]
[BlackElo "2658"]
[Annotator "Stohl,I"]
[PlyCount "143"]
[EventDate "2000.01.15"]
[EventType "tourn"]
[EventRounds "13"]
[EventCountry "NED"]
[EventCategory "18"]
[SourceTitle "CBM 075"]
[Source "ChessBase"]
[SourceDate "2000.04.05"]
[SourceVersion "1"]
[SourceVersionDate "2000.04.05"]
[SourceQuality "1"]

1. d4 Nf6 2. Nf3 g6 3. g3 Bg7 4. Bg2 O-O 5. c4 d6 6. O-O Nc6 7. Nc3 a6 8. e4 $5
{This move has been largely ignored due to the following unpleasant pin. But
in fact the arising positions are quite interesting and merit closer attention.
} Bg4 {Very logical} ({But an interesting and nearly untested idea in the
Yugoslav spirit is} 8... Na5 $5 9. Qd3 c5 10. h3 (10. d5 b5 11. cxb5 axb5 12.
Nxb5 Ba6 $44) 10... cxd4 11. Nxd4 Nd7 12. b3 Ne5 13. Qc2 $2 (13. Qd1 $11 {/+/=}
) 13... Nexc4 14. Nde2 Ne5 15. Be3 Nac6 16. f4 Nd7 17. Rad1 Qa5 $17 {Pantebre,
J-Sharif,M/Thessaloniki olm/1984/}) (8... Rb8 9. h3 {leads to lines, which
nowadays Black tends to avoid-after 8.h3 the most popular move has become 8...
Bd7.}) 9. Be3 (9. h3 Bxf3 10. Bxf3 Nd7 {also enables Black to occupy d4 with
his N, moreover White has spent a move on the more or less useless h3.} (10...
e5 $11 {is very similar.})) 9... Nd7 10. Qd2 ({White can continue his fight
for d4 only by the rather unnatural} 10. Ne2 Na5 $142 $1 ({Illogical is} 10...
e5 $6 11. d5 Ne7 12. Ne1 (12. Nd2 Bxe2 13. Qxe2 c5 14. Rfb1 f5 15. f3 Qc7 16.
Bh3 Rab8 17. Rf1 b5 18. b3 b4 19. Rae1 a5 20. Bg5 Bf6 21. Bh6 Bg7 22. Bxg7 Kxg7
23. f4 exf4 24. gxf4 fxe4 25. Nxe4 Rbe8 26. Qb2+ $40 {Barus,C-Hon Kah Seng,C/
Asia-chT/1987/}) 12... Nb6 13. Rc1 c5 14. Nd3 f5 15. h3 Bxe2 16. Qxe2 fxe4 17.
Bxe4 Nd7 (17... Nf5 $8) 18. g4 $1 b5 19. b3 bxc4 20. bxc4 Rb8 21. f4 Qa5 22.
fxe5 Nxe5 23. Bf4 Qa3 24. Bxe5 Bxe5 25. Nxe5 Qg3+ 26. Bg2 dxe5 27. d6 $18 {
Krasenkow,M-Smirin,I/Polanica Zdroj/1995/}) 11. Rc1 c5 12. b3 Nc6 (12... cxd4
13. Nexd4 Nc6 $11) 13. d5 Nb4 14. a3 Nd3 $5 15. Rc2 (15. Qxd3 $142 Bxf3 16.
Bxf3 Ne5 $11) 15... b5 16. Ne1 Nxe1 17. Qxe1 bxc4 18. bxc4 Bxe2 19. Qxe2 Qa5
20. Bh3 Nb6 21. Qd3 Rab8 22. Bd2 Qa4 23. Rb1 Nd7 24. Rxb8 Rxb8 $36 {[%cal
Gb8b1] <->b,Hallmark,A-Penrose,J/York/1959/}) 10... Bxf3 ({Deserving attention
is the preparatory} 10... Rb8 {The idea is that after e.g.} 11. Rab1 $142 $5 {
[%csl Gb4,Gc4,Gd4][%cal Yb2b4] /\b4()<<} (11. Rac1 e5 12. d5 (12. Ne2 $2 Bxf3
13. Bxf3 exd4 14. Nxd4 Qf6 15. Nxc6 bxc6 $17 {Foulon,G-Giffard,N/Le Touquet/
1998/}) 12... Bxf3 13. Bxf3 Nd4 14. Bg2 c5 15. dxc6 bxc6 16. b3 $13 {White's
expansion on the << is stopped for the time being.})) (10... e5 11. d5 Bxf3 {
gives White the additional possibility} 12. dxc6 (12. Bxf3 {-10...Bf3}) 12...
Bxg2 13. cxb7 Rb8 (13... Bxf1 14. bxa8=Q Qxa8 15. Rxf1 Re8 16. Qd5 Nf8 17. Qxa8
Rxa8 18. c5 dxc5 19. Na4 Ne6 20. Nxc5 Nxc5 21. Bxc5 Rd8 22. Be3 $36 {[%csl Ra6,
Rc7] _|_׫,Jasnikowski,Z-Hazai,L/Espoo/1989/}) 14. Kxg2 Rxb7 15. b3 Qb8 16.
Rac1 f5 17. c5 Nf6 18. Bg5 Rb4 19. cxd6 cxd6 20. f3 Rd4 21. Qe2 Qb7 22. Bxf6
Bxf6 23. Nd5 $14 {Jasnikowski,Z-Sznapik,A/POL-chT Cetniewo/1991/ (26)}) 11.
Bxf3 e5 12. d5 Nd4 13. Bg2 {[%csl Gd4][%mdl 32] So Black has a beautiful Nd4.
But if the N should have some practical effect, he must open the position. And
the favours White with his ^^. As we will see from the examples, White can
play on both flanks, sort of "around" the Nd4. An interesting strategical
concept.} c5 (13... a5 $6 14. Nb5 $36) (13... Rb8 $143 14. Ne2 c5 15. dxc6
Nxe2+ 16. Qxe2 bxc6 17. Rfd1 Qc7 18. Qd3 Rxb2 19. Qa3 Rfb8 20. Qxd6 Qxd6 21.
Rxd6 Nf8 22. Bh3 $1 $16 {Debnar,L-Struhar,J/Trencin SVK-ch/1991/}) 14. dxc6
bxc6 15. b4 $146 {[%csl Gb4,Gc4] A new idea in this position. Formerly White
used to set his sights on the >> with success.} (15. f4 $5 Rb8 (15... Qa5 16.
Rac1 (16. Rad1 $2 Nb6 {/\} 17. b3 Qxc3 $19 {Stantic,S-Atalik,S/Nova Gorica/
1999/}) 16... Qb4 17. b3 a5 18. Kh1 Nc5 19. f5 Rfe8 20. f6 Bh8 21. Bxd4 exd4
22. Qxd4 Rad8 23. Rcd1 Nd7 24. Bh3 Ne5 25. Na4 h5 26. Nb2 Qa3 27. Nd3 $16 {
Begun,S-Hasanov,M/Minsk/1985/}) 16. f5 (16. Rf2 $5 Nf6 17. Bh3 h5 18. Re1 Ng4
$6 19. Bxg4 hxg4 20. Bxd4 exd4 21. Nd1 Qb6 22. b3 Rfe8 23. Qd3 Rb7 24. Rfe2
Rbe7 25. Nf2 f5 26. Kg2 $16 {Cao Sang-Roselli Mailhe,B/Moscow olm/1994/}) (16.
Rab1 a5 17. Ne2 c5 18. Nc3 Nb6 19. b3 a4 20. f5 axb3 21. axb3 Qe7 22. Qd3 f6
23. b4 Qf7 24. Bxd4 exd4 25. Nd5 Nxd5 26. exd5 Bh6 27. bxc5 dxc5 28. Rxb8 Rxb8
29. Rb1 {1/2,Alzate,J-Ciocaltea,V/La Habana olm/1966/}) 16... a5 17. Rf2 Nb6
18. b3 a4 19. Nxa4 Nxa4 20. bxa4 c5 21. Raf1 f6 22. h4 Rb4 (22... Ra8 $142 $5
$14 {<=>}) 23. Bxd4 $1 exd4 24. fxg6 hxg6 25. e5 $1 dxe5 26. Bd5+ Kh7 27. h5
$40 {[%csl Gd5,Rg7] ^-,Jasnikowski,Z-Penzold,A/BL2-N 9899/1999/ Typically an
attack with opposite-coloured B is very dangerous, Black's light squares are
fatally weakened.}) 15... Rc8 (15... Nb6 16. Qd3 c5 17. bxc5 (17. b5 $6 axb5
18. cxb5 Ra3 $40) 17... dxc5 18. Nd5 Rb8 19. Rab1 Qd6 20. Bd2 $5 {[%cal Yd2a5]
/\Ba5+/=}) 16. Rfc1 Qe7 17. Rab1 Qe6 18. Qd3 Nb6 19. Bxd4 {Black's <=> was
getting real, so White has to exchange the N after all.} (19. Ne2 c5 20. a3 (
20. Bxd4 $2 cxd4 $15) (20. bxc5 dxc5 $11) 20... Na4 $5 $132) 19... exd4 20. Ne2
c5 21. Nf4 Qe5 $8 (21... Qf6 $6 22. bxc5 dxc5 23. e5 Qd8 24. e6 $36 {[%csl Gg2,
Rg7][%cal Re6e7] /\e7,^-}) 22. Qa3 ({Simpler seems} 22. bxc5 Qxc5 23. Qb3 Rb8
$1 24. Nd3 Qa5 25. Qb4 $5 $14) 22... cxb4 23. Rxb4 (23. Qxa6 Nd7 24. Nd3 (24.
Rxb4 $143 Nc5 25. Qb6 Bh6 $36) 24... Nc5 25. Nxe5 Nxa6 26. Nd7 (26. Nd3 Rb8 {
[%cal Yb8b6,Yf8b8,Ya6c5] /\Rb6,Rfb8,Nc5=}) 26... Rfe8 27. Nb6 Rc5 28. Nd5 d3 $5
$132) 23... Nd7 24. Bh3 {[%csl Gd4,Gd7][%cal Gd7c5] White understandably
doesn't want Black's N to come to c5 or e5, where it would further the
possible advance of the o^d4. Although White will have some edge due to the
pawn structure, Polgar still retains <=> against the Pc4 and e4.} (24. Nd3 Qe6
25. Rb7 Nc5 26. Rb6 a5 $13) 24... Rcd8 25. Bxd7 Rxd7 {[%cal Rg7h6] /\Bh6} 26.
Re1 Bh6 27. Nd3 $14 Qe6 28. Rb6 (28. Ra4 Rc8 29. c5 Qe8 (29... Bd2 $5) 30. Rxd4
dxc5 31. Rc4 (31. Rxd7 Qxd7 32. Qxa6 c4 $36 {[%csl Gc4] o^c}) 31... Bf8 $11) (
28. c5 $2 Bd2 $17) 28... Qxc4 29. Qxa6 Qc2 (29... Rc8 30. Qxc4 Rxc4 31. Rd1 $14
) 30. Rb2 Qc3 31. Rb3 Qc7 (31... Qc2 32. Qa4 Rdd8 33. Ra3 $14 (33. Qxd4 Qxa2
$11 {/+/=})) 32. Nb4 Qa7 33. Qd3 (33. Qxa7 Rxa7 34. Re2 Rc8 $11) 33... Bg7 (
33... Rc8 $143 34. Nd5 $36 {[%cal Rd5b6] /\Nf6,Nb6}) 34. Rc1 Qa5 35. Rc6 (35.
a3 $5 $14 {/\Nd5}) 35... h5 (35... f5 36. exf5 Rxf5 37. Rc8+ $40) 36. Ra6 Qc5
37. Rc6 Qa5 38. h4 Kh7 $5 39. Qc4 f5 {[%mdl 256] Active defence. Black first
safeguarded his K before this double-edged advance.} 40. Qd5 Qd8 (40... Qxd5 $2
41. exd5 $14 {[%csl Ga2,Rd6,Rg7] /+/-,_|_,ץg7,d6,o^a}) 41. Nd3 Qe7 42. exf5
Rxf5 43. Qc4 Rf3 44. Rc8 Qf6 45. Rc7 {White exchanges a pair of R to lessen
the potential danger for his K.} (45. a4 Rf7 46. Qc2 Qf5 $11 {[%csl Rf2,Rg1,
Rg3] ׻}) 45... Rxc7 46. Qxc7 Qf5 47. Rb7 Qf6 48. Qc2 Qf5 49. Qc7 Qf6 50. Rb3 (
50. Qc2 Qf5 $11) 50... Qf5 51. Qc4 {White persists, but Black already has >>
play.} g5 $6 {Again Polgar plays the most risky move, but now she takes it a
bit too far.} (51... d5 52. Qc2 Qe4 {/\} 53. a4 g5 $132) 52. hxg5 Qxg5 (52...
h4 53. Nf4 Rxb3 54. g6+ Kh6 55. Qxb3 Be5 56. Qf7 $1 $18) 53. Ne1 Rc3 54. Qe2
Rc1 (54... h4 55. Qe4+ Kh6 56. Nf3 $1 $16) 55. Kg2 Qd5+ 56. Rf3 $6 ({More
testing was} 56. Nf3 $142 $1 Bf6 (56... Rc3 57. Rb5 Rc5 (57... d3 58. Qb2 $1 (
58. Rxd5 dxe2 59. Rxh5+ Kg6 60. Rh1 Rc2 $44) 58... Rc5 59. Rb7 Qg8 60. Qd4 $18)
58. Qd3+ Kh6 59. a4 $36) 57. Qb5 $5 $14) (56. f3 $14) 56... Rc3 57. Nd3 Be5 58.
a4 (58. Kg1 $5) 58... h4 59. g4 ({White's pieces are in a nasty pin even after
} 59. gxh4 $5 Ra3 60. Ne1 Ra1 $44) 59... Kg7 60. Ne1 Rc1 $1 $11 {Now Black is
finally saved, as White's attack against his exposed K leads only to a
perpetual due to the pin of Rf3.} 61. Qd2 (61. Kf1 Ra1 $15) 61... Rxe1 62. Qg5+
(62. Qxe1 $2 h3+ $19) 62... Kh7 63. Qxh4+ Kg7 (63... Kg6 64. Qh5+ $11) 64. Qg5+
Kh7 65. Qf5+ Kg7 (65... Kg8 66. Qf8+ Kh7 67. Qe7+ Kg6 68. Qe8+ $11) 66. g5 $5
Qe4 (66... Qg8 $2 67. Qd7+ Kg6 68. Qh3 $1 $18 Qh7 (68... Bg7 69. Qf5+ Kh5 70.
Rh3#) 69. Qf5+ Kg7 70. Qf7+ Kh8 71. Qf8+ Qg8 72. Rh3#) 67. Qf8+ Kh7 68. Qf7+
Kh8 69. Qh5+ Kg7 70. Qh6+ Kg8 71. Qe6+ Kg7 72. Qh6+ 1/2-1/2

[Event "Moscow Aeroflot op-A"]
[Site "Moscow"]
[Date "2006.02.15"]
[Round "8"]
[White "Sargissian, Gabriel"]
[Black "Izoria, Zviad"]
[Result "1/2-1/2"]
[WhiteElo "2603"]
[BlackElo "2652"]
[Annotator "Stohl,I"]
[PlyCount "81"]
[EventDate "2006.02.08"]
[EventType "swiss"]
[EventRounds "9"]
[EventCountry "RUS"]
[SourceTitle "CBM 112"]
[Source "ChessBase"]
[SourceDate "2006.06.07"]
[SourceVersion "1"]
[SourceVersionDate "2006.06.07"]
[SourceQuality "1"]

1. d4 Nf6 2. c4 g6 3. Nf3 Bg7 4. g3 O-O 5. Bg2 d6 6. O-O c6 7. Nc3 Qa5 8. e4 e5
9. d5 {White resolves the [+] tension and blockades the position, but this
doesn't promise him much.} (9. h3 {is the most popular continuation, when} Nbd7
{-E69 leads to lines from a different index.}) 9... cxd5 10. cxd5 (10. Nxd5 {
simplifies the position and only makes it easier for Black to get <=> on both
flanks:} Nxd5 11. cxd5 Nd7 12. Bd2 Qb6 $11 13. b4 $6 Nf6 14. Qe2 Bd7 15. a4
Rfc8 16. Rfb1 a6 17. Ne1 Ne8 18. Be3 Qd8 19. Ra2 f5 20. exf5 gxf5 21. h3 Nf6 {
Agdestein,S-Damljanovic,B/Manila izt/1990/}) 10... Bd7 {Black is content with
finishing his development. This gives him a solid position, but a more
enterprising alternative is} (10... b5 $5 {However, if White succeeds in
taking control of the <<, Black can pay for the ><c6 - see Ricardi-Spangenberg.
} 11. Nd2 (11. a3 $5 b4 12. Na2 bxa3 13. Nc3 Qb4 14. Qc2 axb2 15. Bxb2 Qc4 16.
Nd2 Qc7 17. Rfc1 $44 {[%csl Rd6][%cal Gc1c8] ><d6,<->c,Zakharchenko,
A-Dolzhikova,O/Kiev/ 1999/}) (11. Re1 b4 12. Nb1 Bd7 $11 {Solovjov}) 11... Bd7
(11... b4 12. Ncb1 Na6 (12... Ba6 13. Re1 Rc8 14. Nb3 Qa4 15. a3 Bc4 16. N3d2
Qxd1 17. Rxd1 Be2 18. Re1 Na6 19. Nb3 Bd3 20. Bd2 Rab8 21. Na5 $1 bxa3 22. Rxa3
Bxb1 23. Rxb1 Rc2 24. Bc3 Nc5 25. Nc6 Rb7 26. Nb4 $16 {Ricardi,P-Spangenberg,H/
ARG-ch/1995/}) 13. Nb3 Qc7 14. a3 Bd7 15. Bg5 (15. Re1 bxa3 16. Rxa3 Nb4 17.
Nc3 a5 $11) 15... h6 16. Bd2 Rab8 17. Re1 $5 {[%cal Yg2f1] /\Bf1+/= Solovjov} (
17. Qc1 Rfc8 18. Qxc7 Rxc7 19. Rc1 bxa3 20. Rxa3 Rxc1+ 21. Bxc1 Nb4 22. N3d2
Rc8 23. Nc3 Nd3 24. Nb3 {Loginov,V-Solovjov,S/Samara/2002/} Rb8 $1 $11)) 12. a3
Qc7 13. Qe2 Qb7 14. b4 a5 15. bxa5 Rc8 16. Na2 {Loginov,V-Solovjov,S/St
Petersburg/2005/} Rxa5 17. Nb4 Na6 18. Nb3 Ra4 19. Bd2 Nc5 $132) ({An
alternative in the same spirit as the text-move is} 10... Na6 11. a3 Bd7 12.
Bd2 Rfc8 13. b4 Qd8 $13 {[%cal Ya6c7,Ya7a5] /\Nc7,a5<=>}) 11. a3 (11. Re1 Na6
12. a3 Rfc8 13. Bd2 Qd8 14. b4 Qf8 15. Qb3 Ne8 16. Be3 f6 17. a4 Bh6 $11 18. b5
$2 Nc5 19. Bxc5 Rxc5 20. b6 a6 21. Ne2 Rac8 $36 {Watson,B-Bonin,J/New York/
1999/}) (11. Bd2 Na6 (11... Qb4 12. Re1 Na6 13. Rb1 Rfc8 14. a3 Qb6 15. h3 Nc7
16. Bf1 Nb5 17. Qb3 Nxc3 18. Qxb6 Ne2+ 19. Rxe2 axb6 20. Bb4 $14 {Zawadski,
S-Sharif,M/FRA-chT/1994/}) 12. a3 Rfc8 13. b4 Qd8 {-10...Na6}) (11. Nd2 $5 Rc8
(11... b5 $142 $1 $13 {-10...b5!?}) 12. Nb3 Qd8 13. h3 $5 (13. Qe2 Na6 14. Bg5
Nc5 $6 (14... h6 $142 $14) 15. Nxc5 Rxc5 16. Be3 Rc7 17. Nb5 Bxb5 18. Qxb5 Ng4
19. Bd2 Bh6 20. Ba5 b6 21. Bc3 $36 {Drcelic,J-Jurkovic,A/Pula/1996/}) 13... Be8
(13... Na6 $142 14. Be3 $14) 14. Be3 Nbd7 15. Qe2 Nb6 16. Na5 Na4 17. Nxb7 Nxc3
18. bxc3 Qc7 19. Qa6 Bf8 20. Rfc1 Nd7 21. Rab1 Nb6 22. c4 Rcb8 23. Nxd6 $1 $18
{Abramovic,B-Jurkovic,A/Montecatini Terme/1997/}) 11... Rc8 12. b4 $146 (12.
Bd2 Qd8 13. Rc1 Na6 14. h4 Nc7 15. Re1 Nb5 $11 16. Nxb5 Bxb5 17. Bh3 {1/2,
Adrian,C-Mrdja,M/Clichy/1998/}) 12... Qd8 13. Bd2 a5 $5 {[%mdl 256] Black
gains space and strives for exchanges, the whole game is quite a good example
of active defence.} 14. Ne1 (14. b5 Rxc3 $1 15. Bxc3 Nxe4 $44) (14. bxa5 Rxa5
$11 (14... Na6 $5 {[%cal Ya6c5] /\Nc5<=>})) 14... axb4 15. axb4 Rxa1 16. Qxa1
Na6 17. Nc2 (17. Nd3 Nc7 18. Qa5 Ra8 (18... Nb5 $11) 19. Qb6 Ra6 20. Qe3 (20.
Qxb7 $4 Bc8 21. Qb8 Nd7 $19) 20... Nb5 $11) 17... Nc7 (17... Qb6 18. h3 $5 {
/\ only exposes the Q without creating real threats:} Nxb4 19. Qb1 Rc4 20. Qb3
Qc5 21. Na3 Rd4 22. Be3 $16) 18. Na3 h5 {White has managed to prevent Nb5, but
transferring the N to a3 has slowed down his play and Black can create <=> on
the >>.} 19. h3 {Now Black will be able to create some >>><.} (19. Nc4 Ncxd5 (
19... Nb5 $5 20. Na5 Nd4) 20. Nxd6 Ra8 21. Qb2 Qe7 $11) ({Possibly more
promising is the immediate} 19. Rc1 $5 h4 20. Bg5 hxg3 (20... h3 21. Bf1 $14)
21. hxg3 $13 {/+/=}) 19... h4 20. g4 (20. Bg5 hxg3 21. fxg3 Nce8 $36 {[%cal
Rd8b6] /\Qb6}) 20... Nh7 $132 21. Rc1 b5 $5 (21... Bf6 22. Nc4 Ne8 $13 {
is maybe playable, but Black doesn't want to allow the N to c4 at all.}) 22.
Nc2 Bf6 23. Ne3 Bg5 24. Rc2 Na8 (24... Bf4 25. Ne2 {forces the B back, so
Black first improves his passive N.}) 25. Qc1 Nb6 26. Bf1 Bf4 (26... Nf6 27.
Nc4 $5 Bxd2 28. Nxd2 $14 {[%csl Rb5,Rh4] ><b5,h4}) 27. Ne2 (27. Nxb5 $6 Bxb5
28. Bxb5 Ng5 $36 {[%csl Re4,Rf3,Rh3] /\Nh3,Nf3,Ne4}) 27... Rxc2 28. Qxc2 Bxe3 (
28... Bh6 $142 {[%cal Yh7g5] /\Ng5}) 29. Bxe3 Nc4 30. Bc1 Ng5 31. Bg2 (31. Kg2
$142 $5 {/\} f5 32. exf5 gxf5 33. Nc3 $36 {[%cal Rc3b5] /\Nb5}) 31... f5 $5 $11
{Black lashes out at the right moment, otherwise White might get a >>->
himself with f4.} (31... Qf6 32. f4 exf4 33. Bxf4 $14) 32. exf5 gxf5 33. gxf5 (
33. Nc3 Qf6 $15) (33. f4 exf4 34. Bxf4 Qf6 $11) 33... Qf6 34. f4 exf4 35. Nxf4
Bxf5 36. Qe2 Qe5 37. Kh2 (37. Qxe5 dxe5 $15) 37... Be4 (37... Ne4 38. Qh5 (38.
Qe1 Ng3 $11) 38... Nc3 $5 {[%csl Rc1] ץc1} 39. Bf3 Na2 40. Bg4 (40. Qg5+ Qg7
41. Qd8+ Qf8 $11) 40... Bxg4 41. Qxg4+ Qg7 42. Qc8+ $11) 38. Bxe4 Nxe4 39. Qg4+
Kf7 40. Qxh4 Nf6 {White has temporarily gained a P, but his K is too exposed
and Black's pieces are sufficiently active to hold the balance.} 41. Qg3 (41.
Qg3 Nxd5 42. Nxd5 Qxd5 43. h4 $11) (41. Kg2 Qc3 $5 (41... Qe4+ $11) 42. Ne2
Qxb4 $15) 1/2-1/2

[Event "Tashkent FIDE GP 2nd"]
[Site "Tashkent"]
[Date "2012.11.30"]
[Round "8"]
[White "Gelfand, Boris"]
[Black "Dominguez Perez, Leinier"]
[Result "1/2-1/2"]
[WhiteElo "2751"]
[BlackElo "2726"]
[Annotator "Krasenkow,M"]
[PlyCount "80"]
[EventDate "2012.11.22"]
[EventType "tourn"]
[EventRounds "11"]
[EventCountry "UZB"]
[EventCategory "20"]
[SourceTitle "CBM 152"]
[Source "ChessBase"]
[SourceDate "2013.01.15"]
[SourceVersion "1"]
[SourceVersionDate "2013.01.15"]
[SourceQuality "1"]

1. d4 Nf6 2. c4 g6 3. Nc3 Bg7 4. e4 d6 5. Nf3 O-O 6. Be2 e5 7. O-O Nc6 8. d5
Ne7 9. Nd2 {This system was popular many years ago and then went out of
fashion.} c6 {One of Black's main replies.} 10. a3 (10. b4 a5 $1 11. bxa5 Qxa5
{is the main line here. The text move is a preparation for b2-b4.}) 10... Ne8 (
10... a5 {is another option, to which White renews the b2-b4 idea by means of}
11. Rb1 ({or even} 11. Ra2)) 11. b4 (11. dxc6 Nxc6 12. Nb3 Nc7 13. Be3 b6 14.
Qd2 Bb7 15. f3 Ne6 16. Nb5 Qf6 $1 $132 {0-1 Ostenstad,B (2475)-Bologan,V (2535)
/Stavanger 1991/EXT 1997 (49)}) 11... cxd5 (11... f5 12. Qb3 (12. dxc6 Nxc6 13.
Nf3 {1-0 Gurevich,M (2625)-Shirov,A (2710)/Moscow 1992/EXT 1997 (75)} Nd4 $5) (
12. Bb2 Kh8 13. dxc6 bxc6 14. Nb3 Nf6 15. c5 d5 16. exd5 Nfxd5 17. Nxd5 Nxd5
18. Na5 $14 {1-0 Browne,W (2515)-Kreiman,B (2400)/Philadelphia 1993/EXT 1997 
(37)}) 12... Kh8 13. Bb2 Nf6 14. Rad1 fxe4 (14... cxd5 15. exd5 $1) 15. dxc6 $1
Nxc6 16. Ncxe4 Nxe4 17. Nxe4 Nd4 18. Bxd4 exd4 19. Qg3 $14 {1-0 Gurevich,M 
(2667)-Bologan,V (2641)/Saint Pierre 2000/CBM 080 (34)}) (11... Kh8 12. Nb3 $5
f5 13. dxc6 Nxc6 14. f3 Nc7 15. Be3 Ne6 16. Rc1 Ncd4 17. Nd5 fxe4 18. fxe4
Rxf1+ 19. Bxf1 Qh4 20. Bf2 Qd8 21. c5 $14 {1/2 Sakaev,K (2570)-Loskutov,O 
(2390)/St Petersburg 1995/EXT 1997 (48)}) 12. cxd5 f5 13. Nc4 (13. f3 Bd7 14.
Nc4 b5 $5 $13 (14... Rc8 15. a4 f4 16. Bd2 h5 17. Kh1 {[%cal Rc3b5]} Ra8 $6 18.
Be1 g5 19. Ra3 Rf7 20. Bf2 Bf8 21. Na5 $16 {1-0 Lukacs,P (2490)-Szuk,B (2335)/
Budapest 1994/CBM 045 ext (44)})) 13... Nf6 (13... Bd7 14. a4) 14. Bg5 (14. f3
{was probably more promising. Now, after the exchange on e4 (and due to the
fact that White must lose a couple of tempi to recapture the pawn), Black
activates his pieces and equalises.}) 14... Nxe4 15. Nxe4 fxe4 16. Nd2 Bf6 17.
Be3 Nf5 18. Nxe4 Nxe3 19. fxe3 Bf5 20. Bd3 Qb6 (20... Bxe4 21. Bxe4 Qb6 22. Qd3
) 21. Qe2 (21. Nxf6+ Rxf6 22. Qe2 {was probably more accurate. After the text
move it is Black who seizes the initiative.}) 21... Bxe4 22. Bxe4 Bg5 23. Rfe1
(23. Rxf8+ Rxf8 24. Re1 a5 $36) 23... Rac8 $15 {[%cal Gf8f1,Gc8c1]} 24. Qd3 Qc7
25. g3 Qc3 26. Qe2 Qc4 (26... Bh6 $5 27. h4 $1) 27. Qg4 {[%mdl 256] The right
plan: White creates kingside counterplay.} Kg7 (27... Bh6 28. h4) 28. h4 h5 29.
Qxg5 Qxe4 30. Rf1 Qxd5 (30... Qg4 31. Qe7+ Kg8 32. Rxf8+ Rxf8 33. Qe6+ Qxe6 34.
dxe6 Re8 35. Rc1 Rxe6 36. Rc7 d5 37. Rxb7 Ra6 38. Rb5 Rxa3 39. Kf2 Rd3 40. Ra5
$11) 31. Qe7+ Kg8 32. Rf6 $1 Rxf6 (32... Qe4 33. Qe6+ Kh8 34. Rxg6 (34. Raf1
$144) 34... Qxe3+ 35. Kg2 Rc2+ 36. Kh3 Qe4 37. Rh6+ Kg7 38. Qe7+ Kxh6 39. Qxf8+
$11) 33. Qxf6 Qf7 34. Qxd6 Rf8 35. Qxe5 Qf2+ 36. Kh1 Qf3+ 37. Kh2 Qe2+ 38. Kh3
Qg4+ 39. Kg2 Qe2+ 40. Kh3 Qg4+ 1/2-1/2